Papai não é perfeito (Record no. 188157)

MARC details
000 -LÍDER
campo de controle de tamanho fixo 00364 a2200169 4500
001 - NÚMERO DE CONTROLE
campo de controle 188157
020 ## - ISBN - INTERNATIONAL STANDARD BOOK NUMBER
ISBN - International Standard Book Number 85-322-1233-6
040 ## - FONTE DA CATALOGAÇÃO
Instituição que transcreveu o registro Magnum
100 ## - ENTRADA PRINCIPAL--NOME PESSOAL
Nome pessoal Forjaz, Sonia Salerno
240 10 - TÍTULO UNIFORME
Título uniforme Papai não é perfeito
Idioma da obra por
245 10 - TÍTULO
Título Papai não é perfeito
300 ## - DESCRIÇÃO FÍSICA
Extensão 60
362 0# - DATAS DE PUBLICAÇÃO E/OU DESIGNAÇÃO SEQUENCIAL
Datas de publicação e/ou designação sequencial 1999
440 #1 - DECLARAÇÃO DE SÉRIE/ENTRADA ADICIONADA--TÍTULO
Título FTD
697 ## - ENTRADA DE ASSUNTO LOCAL--ENTIDADE COLETIVA (RLIN)
Nome corporativo ou nome da jurisdição LITERATURA JUVENIL
942 ## - ELEMENTOS DE ENTRADA ADICIONADOS (KOHA)
Tipo de material Koha Livros
Holdings
Situação do descarte Situação das perdas Situação física Não pode ser emprestado Biblioteca de origem Biblioteca atual Data de aquisição Total de empréstimos Número de chamada completo Código de barras Data de último acesso Data do preço efetivo Tipo de material Koha
        Magnum Magnum 08/06/2024   869.3.405 MAG00060550 08/06/2024 08/06/2024 Livros
        Magnum Magnum 08/06/2024   869.3.405 MAG00060551 08/06/2024 08/06/2024 Livros
        Magnum Magnum 08/06/2024   869.3.405 MAG00060552 08/06/2024 08/06/2024 Livros